Statistiques concernant Les coéquipiers de Thierry Henry à Arsenal

Cliquez ici pour prendre le quiz!

Statistiques générales

  • Ce quiz a été pris 42 fois
  • Le résultat moyen est 26 sur 89

Statistiques - réponses

SaisonsNationalitéJoueurNombre de matchsPoste% Correct
1999-2005FrancePatrick Vieira240M
95%
1999-2006Pays-BasDennis Bergkamp216A
86%
2000-2006FranceRobert Pirès248M
86%
1999-2006AngleterreAshley Cole195D
76%
2003-2007AllemagneJens Lehmann145G
73%
2002-2007Côte d'IvoireKolo Touré186D
73%
2001-2006AngleterreSol Campbell175D
68%
1999-2000FranceEmmanuel Petit30M
65%
2004-2007, 2011-2012Pays-BasRobin van Persie72A
65%
2011-2012FranceBacary Sagna5D
54%
2004-2007EspagneCesc Fàbregas99M
54%
1999-2007SuèdeFreddie Ljungberg246M
54%
2003-2007FranceGaël Clichy55D
54%
2002-2007BrésilGilberto Silva159M
54%
2000-2004FranceSylvain Wiltord136A
54%
2011-2012RussieAndrey Arshavin2A
51%
1999-2003AngleterreDavid Seaman127G
51%
1999-2004NigériaNwankwo Kanu144A
51%
2005-2007, 2011-2012CamerounAlex Song16M
46%
2005-2007TogoEmmanuel Adebayor30A
46%
2004-2007Côte d'IvoireEmmanuel Eboué41D
46%
2011-2012FranceLaurent Koscielny6D
46%
2005-2007BiélorussieAleksandr Hleb53M
43%
2006-2007, 2011-2012AngleterreTheo Walcott21A
43%
2006-2007, 2011-2012République TchèqueTomas Rosicky26M
43%
1999-2002AngleterreTony Adams73D
43%
2011-2012Pays de GallesAaron Ramsey6M
41%
2005-2007FranceAbou Diaby16M
41%
2003-2006EspagneJosé Antonio Reyes84A
41%
1999-2000Pays-BasMarc Overmars31A
41%
2011-2012EspagneMikel Arteta6M
41%
2000-2006CamerounLaurén208D
38%
2002-2006FrancePascal Cygan81D
38%
2006-2007FranceWilliam Gallas15D
38%
2011-2012PologneWojciech Szczesny6G
38%
2002-2005, 2006-2007FranceJérémie Aliadière18A
35%
2004-2007FranceMathieu Flamini80M
35%
2011-2012AllemagnePer Mertesacker5D
35%
1999-2004AngleterreMartin Keown138D
32%
1999-2004AngleterreRay Parlour169M
32%
2011-2012BelgiqueThomas Vermaelen5D
32%
1999-2000CroatieDavor Suker21A
30%
1999-2002FranceGilles Grimandi99M
30%
2004-2007EspagneManuel Almunia20G
30%
2004-2007SuissePhilippe Senderos45D
30%
2005-2006SuèdeSebastian Larsson4M
30%
2005-2007, 2011-2012SuisseJohan Djourou19D
27%
1999-2002AngleterreLee Dixon89D
27%
2011-2012PologneLukasz Fabianski1G
27%
2011-2012IsraëlYossi Benayoun2A
27%
1999-2000AngleterreNigel Winterburn28D
24%
2011-2012FranceSébastien Squillaci1D
22%
2005-2006AngleterreKerrea Gilbert5D
19%
1999-2001BrésilSylvinho70D
19%
2006-2007BrésilDenílson3M
16%
2011-2012FranceFrancis Coquelin2M
16%
2001-2003Pays-BasGiovanni van Bronckhorst55D
16%
2011-2012AngleterreAlex Oxlade-Chamberlain3M
14%
1999-2003, 2004-2005AngleterreJermaine Pennant15A
14%
2006-2007BrésilJúlio Baptista9M
11%
2011-2012AngleterreKieran Gibbs1D
11%
2001-2002AngleterreRichard Wright17G
11%
1999-2001AutricheAlexander Manninger32G
8%
2001-2003AngleterreFrancis Jeffers30A
8%
2002-2005, 2006-2007Trinité et TobagoJustin Hoyte29D
8%
1999-2002AngleterreMatthew Upson29D
8%
2000-2005BrésilEdú Gaspar96M
5%
2011-2012EspagneIgnasi Miquel2D
5%
2000-2003LettonieIgors Stepanovs18D
5%
1999-2000PortugalLuís Boa Morte1M
5%
2004-2006GhanaQuincy Owusu-Abeyie7A
5%
2002-2003GrèceStathis Tavlaridis1D
5%
2005-2006ItalieArturo Lupoli1A
3%
2003-2004AngleterreDavid Bentley3M
3%
1999-2001ArgentineNelson Vivas21D
3%
2011-2012ChineNico Yennaris1M
3%
1999-2003UkraineOleg Luzhnyi95D
3%
2002-2003SuèdeRami Shaaban5G
3%
2002-2003AngleterreRyan Garry1D
3%
2000-2003AngleterreStuart Taylor25G
3%
1999-2000LibériaChristopher Wreh1A
0%
2000-2001AngleterreJohn Lukic4G
0%
2001-2002BrésilJuan1D
0%
2001-2002JaponJunichi Inamoto2M
0%
1999-2001AngleterrePaolo Vernazza5M
0%
1999-2000Pays de GallesRhys Weston1D
0%
1999-2000AllemagneStefan Malz7D
0%
1999-2000AngleterreStephen Hughes4M
0%
1999-2000AngleterreTommy Black1M
0%

Distribution des résultats

Percentile par nombre de réponses

% des personnes avec chaque résultat

Votre développement - résultats

Vous n’avez pas pris ce quiz